000 00230nam a22000857a 4500
008 160705b xxu||||| |||| 00| 0 eng d
100 _92251
_a Bloombury Books
245 _aDictionary of Proverbs
260 _aLon
_b Bloomsbury Book
_c1994
999 _c1939
_d1939